[Event "European Youth Chess Championship G14"]
[Site "Prague, Top Hotel Prague"]
[Date "2012.08.25"]
[Round "9.36"]
[White "Kanakova, Natalka"]
[Black "Parhomenko, Margarita"]
[Result "1-0"]
[WhiteElo "1652"]
[BlackElo "1591"]
[PlyCount "113"]
[EventDate "2012.08.17"]

1. e4 d5 2. exd5 Qxd5 3. Nc3 Qa5 4. d4 Nf6 5. Bd2 c6 6. Bc4 Bf5 7. Qe2 e6 8. d5
cxd5 9. Nxd5 Qd8 10. Nxf6+ Qxf6 11. O-O-O Qg6 12. Nf3 Bxc2 13. Bb5+ Nc6 14. Qc4
Be4 15. Ne5 Bd5 16. Nxg6 Bxc4 17. Bxc6+ bxc6 18. Nxh8 f6 19. Be3 Bxa2 20. Bd4
Bd5 21. f3 Bc5 22. Rd3 Bd6 23. Kc2 a6 24. Ra1 Ke7 25. Rc3 Kf8 26. Bc5 Bxc5 27.
Rxc5 Kg8 28. Kc3 Kxh8 29. Rca5 Kg8 30. Rxa6 Rxa6 31. Rxa6 Kf7 32. Kd4 e5+ 33.
Kc5 f5 34. b4 e4 35. fxe4 Bxe4 36. Rxc6 Bxg2 37. Rc7+ Kf6 38. Kd4 f4 39. b5 g5
40. Rxh7 g4 41. b6 f3 42. Ke3 Kg6 43. Rc7 Kg5 44. b7 f2 45. Kxf2 Bxb7 46. Rxb7
Kf4 47. Rb4+ Kg5 48. Kg3 Kh5 49. Rxg4 Kh6 50. Kf4 Kh5 51. Rg8 Kh6 52. Kf5 Kh7
53. Rg4 Kh6 54. Rg3 Kh7 55. Kf6 Kh8 56. Kf7 Kh7 57. Rh3# 1-0

[Event "European Youth Chess Championship G14"]
[Site "Prague, Top Hotel Prague"]
[Date "2012.08.25"]
[Round "9.38"]
[White "Kyrkjebo, Hanna B"]
[Black "Chepelnikova, Maria"]
[Result "0-1"]
[WhiteElo "1546"]
[BlackElo "1655"]
[PlyCount "84"]
[EventDate "2012.08.17"]

1. e4 c5 2. Nc3 Nc6 3. f4 g6 4. Nf3 Bg7 5. Bb5 a6 6. Bxc6 dxc6 7. O-O Nf6 8. d3
O-O 9. Be3 b6 10. Qe1 Qc7 11. Qh4 Rd8 12. h3 Ne8 13. Nh2 Nd6 14. Ng4 Bxg4 15.
hxg4 f6 16. Rf3 Kf7 17. f5 Rh8 18. Rh3 c4 19. Kf2 cxd3 20. cxd3 Rag8 21. Rah1
Ke8 22. Qg3 gxf5 23. exf5 Qd7 24. Rxh7 Rxh7 25. Rxh7 Bf8 26. Qf3 b5 27. Ne4
Nxe4+ 28. Qxe4 Qd6 29. Qf3 Kd7 30. Qe2 Qd5 31. b4 Qe5 32. Qf3 Qb2+ 33. Qe2 Qxb4
34. Bd2 Qxg4 35. Qe6+ Kc7 36. Ba5+ Kb8 37. Qd7 Qxg2+ 38. Ke3 Rg3+ 39. Kd4 Qf2+
40. Kc3 Qe1+ 41. Kd4 e5+ 42. fxe6 Qe5# 0-1

[Event "European Youth Chess Championship G14"]
[Site "Prague, Top Hotel Prague"]
[Date "2012.08.25"]
[Round "9.40"]
[White "Stallinger, Vanessa"]
[Black "Lesnic, Galina"]
[Result "0-1"]
[WhiteElo "1550"]
[BlackElo "1490"]
[PlyCount "60"]
[EventDate "2012.08.17"]

1. e4 e5 2. Nf3 Nc6 3. Bb5 d6 4. h3 Bd7 5. d3 Nf6 6. Nc3 Be7 7. Be3 O-O 8. O-O
Re8 9. Nh2 a6 10. Ba4 b5 11. Bb3 Bf8 12. a3 Be6 13. Bxe6 fxe6 14. f4 d5 15.
fxe5 Nxe5 16. Bg5 Be7 17. exd5 exd5 18. d4 Nc6 19. Nf3 Ne4 20. Bxe7 Rxe7 21.
Ne2 Qd6 22. c3 Na5 23. Ne5 Nc4 24. Nxc4 bxc4 25. Qc2 Rb8 26. Nc1 Qh6 27. Ne2 a5
28. Qa4 Qe3+ 29. Kh2 Qg3+ 30. Kh1 Rxb2 0-1

[Event "European Youth Chess Championship G14"]
[Site "Prague, Top Hotel Prague"]
[Date "2012.08.25"]
[Round "9.41"]
[White "Kubosova, Hana"]
[Black "Ajanovic, Berina"]
[Result "1/2-1/2"]
[WhiteElo "1517"]
[BlackElo "1393"]
[PlyCount "81"]
[EventDate "2012.08.17"]

1. c4 c5 2. Nc3 Nc6 3. g3 g6 4. Bg2 Bg7 5. Nf3 Nf6 6. O-O O-O 7. Rb1 Qc7 8. d3
a6 9. Bd2 d6 10. Qc1 Bd7 11. Bh6 Rab8 12. Bxg7 Kxg7 13. a3 b5 14. cxb5 axb5 15.
b4 cxb4 16. axb4 Rfc8 17. Nd1 Nd4 18. Qe3 Nxf3+ 19. Bxf3 Bf5 20. Qd2 Qc2 21.
Qxc2 Rxc2 22. Ne3 Rc3 23. Nxf5+ gxf5 24. Rfc1 Rbc8 25. Rxc3 Rxc3 26. Kf1 Ng4
27. h3 Nh2+ 28. Kg2 Nxf3 29. Kxf3 Kf6 30. Ke3 Ke5 31. Rb2 e6 32. f3 h6 33. Kd2
Rc6 34. e3 Kd5 35. Rc2 Rxc2+ 36. Kxc2 h5 37. Kd2 e5 38. Kc3 e4 39. f4 exd3 40.
Kxd3 f6 41. h4 1/2-1/2